000 00258nam a2200109Ia 4500
005 20251222154439.0
008 251222s9999||||xx |||||||||||||| ||spa||
082 _a520/C68
100 _a"Clarke, Rsthur C."
245 0 _aUna odisea espacial 2001
942 _cLIB
999 _c36724
_d36724